UM Logo

Accounting information systems/ (Record no. 5043)

MARC details
000 -LEADER
fixed length control field 00603nam a2200193 4500
008 - FIXED-LENGTH DATA ELEMENTS--GENERAL INFORMATION
fixed length control field 161007b xxu||||| |||| 00| 0 eng d
020 ## - INTERNATIONAL STANDARD BOOK NUMBER
International Standard Book Number 9812434755
082 ## - DEWEY DECIMAL CLASSIFICATION NUMBER
Edition number 2001
Classification number DC 658.4038011
Item number H14
100 ## - MAIN ENTRY--PERSONAL NAME
9 (RLIN) 15771
Personal name Hall, James A.
245 ## - TITLE STATEMENT
Title Accounting information systems/
Statement of responsibility, etc. James A. Hall.
250 ## - EDITION STATEMENT
Edition statement 3rd edition
260 ## - PUBLICATION, DISTRIBUTION, ETC. (IMPRINT)
Place of publication, distribution, etc. New Jersey:
Name of publisher, distributor, etc. Prentice-Hall,
Date of publication, distribution, etc. c2001.
300 ## - PHYSICAL DESCRIPTION
Extent xxii, 901 pages:
Other physical details illustrations;
Dimensions 26 cm.
500 ## - GENERAL NOTE
General note Includes index.
650 #0 - SUBJECT ADDED ENTRY--TOPICAL TERM
9 (RLIN) 15772
Topical term or geographic name as entry element Accounting
General subdivision Data processing
650 #0 - SUBJECT ADDED ENTRY--TOPICAL TERM
9 (RLIN) 15773
Topical term or geographic name as entry element Information retrieval
365 ## - TRADE PRICE
Price amount 600.00
Currency code Php
942 ## - ADDED ENTRY ELEMENTS (KOHA)
Source of classification or shelving scheme Dewey Decimal Classification
Koha item type Circulation
Holdings
Withdrawn status Lost status Source of classification or shelving scheme Damaged status Not for loan Collection code Home library Current library Shelving location Date acquired Source of acquisition Total Checkouts Full call number Barcode Date last seen Date last checked out Copy number Price effective from Koha item type
    Dewey Decimal Classification     Circulation UM Digos College - LIC UM Digos College - LIC Book Cart 07/02/2004 Purchased 2 DC 658.4038011 H14 2001 17388 05/15/2025 01/25/2023 1 10/07/2016 Circulation
    Dewey Decimal Classification     Circulation UM Digos College - LIC UM Digos College - LIC Book Cart 07/02/2004 Purchased 4 DC 658.4038011 H14 2001 17389 05/15/2025 02/03/2023 2 10/07/2016 Circulation